000 00501nam a22001457a 4500
005 20241218035945.0
008 241218b |||||||| |||| 00| 0 eng d
082 _2DAN
_a6995
_b305
100 _aBass, D
245 _aMalaiyaha (Up-Country) Tamil Identity and Politics in the Twenty First Century
260 _aColombo
_bInternational Centre for Ethnic Studies
_c2000
300 _a16 p.,
500 _aA research on the significant political and social strides made by the Malaiyaha Tamils
942 _cL
999 _c5939
_d5939